| 000 | 00746 aa a2200205 4500 | ||
|---|---|---|---|
| 008 | 081020t xxu||||| |||| 00| 0 eng d | ||
| 010 | _aENG-84100 | ||
| 020 | _a8176297445 | ||
| 020 | _c400.00 (hb) | ||
| 035 | _aEN-67633 | ||
| 082 | _a336.340954 | ||
| 100 | _aSaket, Nikhil | ||
| 245 |
_aPublic debt and economic planning in India / _cby Nikhil Saket |
||
| 260 |
_aNew Delhi _bDeep and Deep Publications |
||
| 260 | _c2006 | ||
| 300 |
_axii,188p _c22cm |
||
| 500 | _aIncludes bibliographical references and index | ||
| 942 |
_2ddc _cEN _h336.340954 _m SAK |
||
| 999 |
_c17067 _d17067 |
||